Studená sprcha pre Grékov
Dohoda Grécka s veriteľmi. Podmienky zotrvania v menovej únii. Privatizácia. Portugalský vzor. Dlhá cesta vpred. Bolestivé opatrenia.
Salvato in:
| Autore principale: | |
|---|---|
| Natura: | Capitolo di libro |
| Lingua: | slovacco |
| Soggetti: | |
| Tags: |
Nessun Tag, puoi essere il primo ad aggiungerne!!
|
MARC
| LEADER | 00000naa a2200000 4500 | ||
|---|---|---|---|
| 001 | 0205514 | ||
| 005 | 20231113103247.4 | ||
| 041 | 0 | |a slo | |
| 044 | |a SK | ||
| 245 | 1 | 0 | |a Studená sprcha pre Grékov |c Ján Záborský |
| 520 | |a Dohoda Grécka s veriteľmi. Podmienky zotrvania v menovej únii. Privatizácia. Portugalský vzor. Dlhá cesta vpred. Bolestivé opatrenia. | ||
| 610 | 2 | 0 | |a politika vnútorná |
| 610 | 2 | 0 | |a politika medzinárodná |
| 610 | 2 | 0 | |a zadlženosť |
| 610 | 2 | 0 | |a dlhy verejné |
| 610 | 2 | 0 | |a opatrenia |
| 610 | 2 | 0 | |a privatizácia |
| 610 | 2 | 0 | |a reformy |
| 610 | 2 | 0 | |a Grécko |
| 610 | 2 | 0 | |a Portugalsko |
| 610 | 2 | 0 | |a Európska únia |
| 100 | 1 | |a Záborský, Ján | |